[Event "Stevenage 4NCL Easter op U1825"]
[Site "Stevenage"]
[Date "2019.04.21"]
[Round "5.2"]
[White "Neil, Graham"]
[Black "Usharovsky, Tom"]
[Result "1-0"]
[WhiteElo "1540"]
[BlackElo "1486"]
[PlyCount "71"]
[EventDate "2019.04.19"]
[EventType "swiss"]
[EventRounds "7"]
[EventCountry "ENG"]
[SourceTitle "EXT 2023"]
[Source "ChessBase"]
[SourceDate "2022.10.05"]
[SourceVersion "1"]
[SourceVersionDate "2022.10.05"]
[SourceQuality "1"]

1. d4 d5 2. Bf4 Bf5 3. e3 e6 4. h3 Bd6 5. Bxd6 Qxd6 6. Nc3 a6 7. a3 Nf6 8. Bd3 Bg6 9. Nf3 Nbd7 10. Ne2 0-0 11. Bxg6 fxg6 12. c3 Ne4 13. Qc2 c5 14. dxc5 Ndxc5 15. 0-0 Nd7 16. Rad1 Qc7 17. Nf4 Rae8 18. Qb3 Kh8 19. Qc2 Ne5 20. Nd2 Nxd2 21. Qxd2 Nc4 22. Qc2 Qb6 23. Rb1 Re7 24. Qe2 Qd6 25. Rbd1 b5 26. Nd3 Ref7 27. Nb4 Qb6 28. Nd3 Qc7 29. Nb4 Qb6 30. Nd3 Rf5 31. e4 dxe4 32. Qxe4 Nxb2 33. Nxb2 Rxf2 34. Nd3 R2f4+ 35. Qd4 Rxd4 36. Rxf8# 1-0

[Event "Sunningdale e2e4 U1800 op 04"]
[Site "Sunningdale"]
[Date "2014.04.19"]
[Round "5"]
[White "Neil, Graham"]
[Black "Snook Lumb, Chris"]
[Result "0-1"]
[WhiteElo "1630"]
[BlackElo "1572"]
[PlyCount "66"]
[EventDate "2014.04.17"]
[EventType "swiss"]
[EventRounds "7"]
[EventCountry "ENG"]
[SourceTitle "EXT 2015"]
[Source "ChessBase"]
[SourceDate "2014.11.20"]
[SourceVersion "1"]
[SourceVersionDate "2014.11.20"]
[SourceQuality "1"]

1. c4 f5 2. d4 Nf6 3. Nf3 e6 4. g3 d5 5. e3 c6 6. Nc3 Bd6 7. Bd2 0-0 8. h4 Qe8 9. cxd5 exd5 10. Be2 Nbd7 11. Qc2 Ne4 12. Nxe4 fxe4 13. Nh2 Qf7 14. Rf1 Nb6 15. 0-0-0 Bh3 16. f4 Bxf1 17. Rxf1 c5 18. Kb1 c4 19. Qd1 Qe8 20. g4 a5 21. h5 a4 22. Ka1 a3 23. b3 Qc6 24. g5 c3 25. Bc1 c2 26. Qd2 Rfc8 27. Ng4 Qc3+ 28. Qxc3 Rxc3 29. Bd2 Bb4 30. Rc1 Rac8 31. Bb5 Rxb3 32. Bxb4 Rxb4 33. Be2 Na4 0-1